00505nam a22001337a 4500003000400000008004100004020001800045082002100063245008900084260006300173300001100236650009800247700002600345OSt260625b |||||||| |||| 00| 0 eng d a9788170196440 a632.90954 bA25R aRecent Trends in Plant Diseases Management/ edited by Sheela H.KChourasia...[et al.] aDelhi : bToday & Tomorrow Printers and Publishers,c2019. a445 p. aTechnology (Applied Sciences) | Agriculture and Related Technologies | Plant Diseases | India aChourasia, Sheela H.K